Statistics for Lead Singers by Band

Click here to take the quiz!

General Stats

  • This quiz has been taken 113 times
    (78 since last reset)
  • The average score is 12 of 16

Answer Stats

HintAnswer% Correct
The BeatlesJohn Lennon
99%
Paul McCartney
97%
U2Bono
96%
QueenFreddie Mercury
96%
The Rolling StonesMick Jagger
96%
NirvanaKurt Cobain
94%
The PoliceSting
93%
Guns N' RosesAxl Rose
90%
AerosmithSteven Tyler
83%
ColdplayChris Martin
75%
Green DayBillie Joe Armstrong
67%
Maroon 5Adam Levine
61%
RadioheadThom Yorke
42%
Creedence Clearwater RevivalJohn Fogerty
40%
AC/DCBrian Johnson
33%
Hootie and the BlowfishDarius Rucker
26%

Score Distribution

Percentile by Number Answered

Percent of People with Each Score

Your Score History

You have not taken this quiz since the last reset